LEADER 01499nam a2200229 4500
001 000000346786
003 CaOOAMICUS
005 20210628102750.0
008 210624s2016 it a o 000 u ita r
040 $aSeMil$bita
100 1 $aTedesco, Alessandro,$d<1987- >.$0(OLS)http://semarc/name/112251
245 10$aLodovico Domenichi (1515-1564) :$brepertorio delle fonti e bibliografia degli studi e delle edizioni /$cAlessandro Tedesco.
264 1$aUdine :$bUniversitą degli Studi di Udine,$c2016.
300 $a695 p. :$bill.
500 $aTesi di Dottorato di Ricerca del Corso di Dottorato di Ricerca in Scienze Bibliografiche del Testo e del Documento - XXVIII Ciclo (Universitą degli Studi di Udine).
600 14$aDomenichi, Lodovico <1515-1564>.$0(OLS)http://semarc/subject/50586
650 4$aEdizioni del 16 sec. - Bibliografia.$0(OLS)http://semarc/subject/50587
850 $aSeMil
852 $aSeMil$W1$xVenegono$y1$pRisorsa posseduta in formato digitale$B237867$CSeMilBibl$Z2$F237867 $8I
996 $6245$aLodovico Domenichi (1515-1564) :$brepertorio delle fonti e bibliografia degli studi e delle edizioni$9(OLS)http://semarc/title/436009
996 $6264$aUdine :$bUniversitą degli Studi di Udine$9(OLS)http://semarc/publisher/59952
LEADER 00932nam a2200241 i 4500
001 000000186949
003 CaOOAMICUS
005 20100607000000.0
008 100607s1956 it u000 u ita u
013 $a165006
040 $aSeMil$bita
100 1 $aMonnin, Alfred .$0(OLS)http://semarc/name/3320
245 10$aSpirito del Curato d'Ars /$cAlfred Monnin.
260 $aRoma :$bAres,$c1956.
300 $a223 p. ;$c21 cm.
490 0 $aEmmaus : collana di spiritualitą
600 14$aVianney, Jean-Marie Baptiste .$0(OLS)http://semarc/subject/2781
830 0$aEmmaus.$0(OLS)http://semarc/title/7676
850 $aSeMil
852 $aSeMil$W1$xVenegono$y1$m3H II 30$j137636$B137636$CSeMilBibl$Z2$F149154 $81
961 $aLascito: Zappa don Umberto
996 $6245$aSpirito del Curato d'Ars$9(OLS)http://semarc/title/268877
996 $6260$aRoma :$bAres$9(OLS)http://semarc/publisher/33991